Famous Belgians - Statistics

General Stats
  • This quiz has been taken 19 times
  • The average score is 4 of 10
Answer Stats
Hint Answer % Correct
Detective created by Agatha Christie Hercule Poirot
83%
Famous adventurer created by Herge Tintin
83%
Inventor of the saxophone Adolphe Sax
61%
5 Time winner of the Tour De France Eddy Merckx
61%
Manchester Citys captain in all 3 Premier League winning seasons Vincent Kompany
44%
Main villain in Austin Powers films Dr Evil
22%
Actor famous for martial arts films Jean Claud Van Damme
22%
Motor racing driver winner of Le Mans 6 times Jacky Ickx
17%
Pioneer of Spanish guitar playing jazz Django Reinhardt
11%
Painter of 'The Massacre of the Innocents' Peter Rubens
6%
No matching quizzes found
Score Distribution
Percent of People with Each Score
Percentile by Number Answered
Your Score History
You have not taken this quiz